| 000 | 00910nam a2200265 a 4500 | ||
|---|---|---|---|
| 005 | 20241210063747.0 | ||
| 008 | 040507s2000 es r 000 0 spa d | ||
| 020 | _a8434483882 | ||
| 035 | _aUPN01000133350 | ||
| 049 | _aCG | ||
| 050 | 4 |
_aPN59 _bB7.4 2000 |
|
| 100 | 1 | _aBrioschi, Franco | |
| 245 | 1 | 0 |
_aIntroducción al estudio de la literatura / _cFranco Brioschi, Costanzo Di Girolamo ; colab. Alberto Blecua, Antonio Gargano, Carlos Vaíllo ; tr. Carlos Vaíllo. |
| 250 | _a5a ed. | ||
| 260 |
_aBarcelona, Esp. : _bAriel, _c2000. |
||
| 300 | _a362 p. | ||
| 440 | 0 |
_aLetras e ideas. _pInstrumenta |
|
| 534 |
_pTraducción de: _tElementi di teoria letteraria |
||
| 650 | 4 |
_aLiteratura _xEstudio y enseñanza _97638 |
|
| 700 | 1 |
_aDi Girolamo, Costanzo, _ecoaut. |
|
| 700 | 1 |
_aBlecua, Alberto, _ecolab. |
|
| 700 | 1 |
_aGargano, Antonio, _ecolab. |
|
| 700 | 1 |
_aVaíllo, Carlos, _ecolab. |
|
| 905 | _aLibro | ||
| 999 |
_c105502 _d105502 |
||